书目信息 |
| 题名: |
旅游地理学
|
|
| 作者: | 吴宜进 主编 | |
| 分册: | ||
| 出版信息: | 北京 科学出版社 2005 |
|
| 页数: | 226页 | |
| 开本: | 24cm | |
| 丛书名: | ||
| 单 册: | ||
| 中图分类: | F591.99 | |
| 科图分类: | ||
| 主题词: | 旅游地理学--高等学校--教材 | |
| 电子资源: | ||
| ISBN: | 7-03-015828-8 | |
| 000 | 00857nam0 2200241 450 | |
| 001 | 012003975590 | |
| 005 | 20050827104518.0 | |
| 010 | @a7-03-015828-8@dCNY20.00 | |
| 100 | @a20050823e20062005em y0chiy0110 ea | |
| 101 | 0 | @achi |
| 102 | @aCN@b110000 | |
| 105 | @ay z 000yy | |
| 106 | @ar | |
| 200 | 1 | @a旅游地理学@Alv you di li xue@f吴宜进主编@Fwu yi jin zhu bian |
| 210 | @a北京@c科学出版社@d2005@h2006重印 | |
| 215 | @a226页@d24cm | |
| 300 | @a21世纪高等院校教材 | |
| 330 | @a本书总结了旅游实践中遇到的种种问题,并将其上升到理论高度,系统全面地反映了当代国内外旅游地理学的基本理论、研究方法和最新成果;在论述中强调知识的创新性和实用性相结合,定性分析与定量分析并重。 | |
| 606 | 0 | @a旅游地理学@x高等学校@j教材 |
| 690 | @aF591.99@v4 | |
| 701 | 0 | @a吴宜进@Awu yi jin@4主编 |
| 801 | 0 | @aCN@b110019@c20050829 |
| 905 | @dF591@e113 @f5 | |
| 旅游地理学/吴宜进主编.-北京:科学出版社,2005(2006重印) |
| 226页;24cm |
| 21世纪高等院校教材 |
| ISBN 7-03-015828-8:CNY20.00 |
| 本书总结了旅游实践中遇到的种种问题,并将其上升到理论高度,系统全面地反映了当代国内外旅游地理学的基本理论、研究方法和最新成果;在论述中强调知识的创新性和实用性相结合,定性分析与定量分析并重。 |
| ● |
| 相关链接 |
|
|
|
|
正题名:旅游地理学
索取号:F591/113
 
预约/预借
| 序号 | 登录号 | 条形码 | 馆藏地/架位号 | 状态 | 备注 |
| 1 | 0604587 | 206045876 | 第一样本阅览室/ [索取号:F591/113] | 在馆 | |
| 2 | 0604588 | 206045885 | 密集书库/ [索取号:F591/113] | 在馆 | |
| 3 | 0604589 | 206045894 | 第一借阅区/ [索取号:F591/113] | 在馆 | |
| 4 | 0604590 | 206045901 | 密集书库/ [索取号:F591/113] | 在馆 | |
| 5 | 0604591 | 206045910 | 密集书库/ [索取号:F591/113] | 在馆 | |
| 6 | 0604592 | 206045929 | 密集书库/ [索取号:F591/113] | 在馆 | |
| 7 | 0604593 | 206045938 | 第一借阅区/ [索取号:F591/113] | 在馆 | |
| 8 | 0604594 | 206045947 | 第一借阅区/ [索取号:F591/113] | 在馆 | |
| 9 | 0851210 | 208512108 | 第一借阅区/ [索取号:F591/113] | 在馆 | |
| 10 | 0851211 | 208512117 | 密集书库/ [索取号:F591/113] | 在馆 | |
| 11 | 0851212 | 208512126 | 第一借阅区/ [索取号:F591/113] | 在馆 | |
| 12 | 0851213 | 208512135 | 密集书库/ [索取号:F591/113] | 在馆 | |
| 13 | 0851214 | 208512144 | 密集书库/ [索取号:F591/113] | 在馆 |